[Event "ROM-chT"]
[Site "Mamaia"]
[Date "2021.10.08"]
[Round "9.1"]
[White "Nanu, Ciprian Costica"]
[Black "Ionescu, Constantin"]
[Result "1/2-1/2"]
[WhiteElo "2514"]
[BlackElo "2428"]
[PlyCount "73"]
[EventDate "2021.10.02"]
[EventType "team-tourn"]
[EventRounds "11"]
[EventCountry "ROU"]
[SourceTitle "CBM 204 Extra"]
[Source "ChessBase"]
[SourceDate "2021.11.30"]
[SourceVersion "1"]
[SourceVersionDate "2021.11.30"]
[SourceQuality "1"]
[WhiteTeam "Timisoara Medicina"]
[BlackTeam "Techirghiol Victoria"]
[WhiteTeamCountry "ROU"]
[BlackTeamCountry "ROU"]

1. e4 e6 2. d4 d5 3. Nc3 Bb4 4. e5 c5 5. Bd2 cxd4 6. Nb5 Bc5 7. Qg4 Kf8 8. b4 Bb6 9. Nf3 Nc6 10. Qf4 f6 11. c3 a6 12. Nbxd4 Bc7 13. Nxc6 bxc6 14. h4 Nh6 15. Be3 Nf7 16. Bd4 Bd7 17. Qe3 fxe5 18. Nxe5 Nxe5 19. Bxe5 Bxe5 20. Qxe5 Qf6 21. Qd6+ Ke8 22. Qc5 Qe5+ 23. Be2 Rf8 24. Rh3 Qf6 25. Rf3 Qe7 26. Qxe7+ Kxe7 27. Rxf8 Kxf8 28. f4 Ke7 29. Kd2 Kd6 30. Bd3 h6 31. a3 a5 32. Bc2 c5 33. bxc5+ Kxc5 34. Rb1 Bc6 35. Re1 Kd6 36. Rb1 Kc5 37. Re1 1/2-1/2

[Event "ROM-chT"]
[Site "Mamaia"]
[Date "2021.10.04"]
[Round "3.2"]
[White "Ionescu, Constantin"]
[Black "Nastore, Pavel Alexandru"]
[Result "1/2-1/2"]
[WhiteElo "2428"]
[BlackElo "2242"]
[PlyCount "76"]
[EventDate "2021.10.02"]
[EventType "team-tourn"]
[EventRounds "11"]
[EventCountry "ROU"]
[SourceTitle "CBM 204 Extra"]
[Source "ChessBase"]
[SourceDate "2021.11.30"]
[SourceVersion "1"]
[SourceVersionDate "2021.11.30"]
[SourceQuality "1"]
[WhiteTeam "Techirghiol Victoria"]
[BlackTeam "Buzau Phoenix"]
[WhiteTeamCountry "ROU"]
[BlackTeamCountry "ROU"]

1. d4 Nf6 2. c4 c5 3. d5 e6 4. Nc3 exd5 5. cxd5 d6 6. e4 g6 7. f3 Bg7 8. Bg5 0-0 9. Qd2 h6 10. Be3 Re8 11. a4 a6 12. Bd3 h5 13. Nge2 Nbd7 14. b3 Ne5 15. Bc2 h4 16. h3 Nh5 17. Bg5 Bf6 18. Bxf6 Qxf6 19. f4 Nd7 20. 0-0 Rb8 21. e5 dxe5 22. f5 g5 23. Ne4 Qh6 24. Qxg5+ Qxg5 25. Nxg5 Ndf6 26. Nc3 Ng3 27. Rfe1 Kg7 28. Nf3 Bxf5 29. Bxf5 Nxf5 30. Nxe5 Nd4 31. Nc4 Nxb3 32. Rxe8 Rxe8 33. Rb1 Nd4 34. Rxb7 Re1+ 35. Kf2 Rc1 36. Ne5 Rc2+ 37. Kf1 Rc1+ 38. Kf2 Rc2+ 1/2-1/2

[Event "ROM-chT"]
[Site "Mamaia"]
[Date "2019.09.26"]
[Round "6.4"]
[White "Barzanu, Iulian"]
[Black "Ionescu, Constantin"]
[Result "1/2-1/2"]
[WhiteElo "2187"]
[BlackElo "2426"]
[PlyCount "61"]
[EventDate "2019.09.21"]
[EventType "team-tourn"]
[EventRounds "9"]
[EventCountry "ROU"]
[SourceTitle "EXT 2020"]
[Source "ChessBase"]
[SourceDate "2019.10.17"]
[SourceVersion "1"]
[SourceVersionDate "2019.10.17"]
[SourceQuality "1"]
[WhiteTeam "Craiova Oltenia"]
[BlackTeam "Techirghiol Victoria"]
[WhiteTeamCountry "ROU"]
[BlackTeamCountry "ROU"]

1. e4 c5 2. Nf3 e6 3. d4 cxd4 4. Nxd4 a6 5. Nc3 b5 6. Bd3 Bb7 7. 0-0 Nc6 8. Nxc6 Bxc6 9. Re1 Qb8 10. Qe2 Bd6 11. e5 Bc7 12. f4 f5 13. Qh5+ g6 14. Qh3 Kf7 15. Be3 Kg7 16. a4 b4 17. Ne2 Nh6 18. Qg3 Rc8 19. h3 Bb6 20. Nd4 Bd5 21. Qf2 Bd8 22. Nb3 Rc6 23. Rad1 Nf7 24. Rd2 Be7 25. Be2 Qc8 26. Bf3 Bxf3 27. Qxf3 Rb8 28. Red1 d5 29. exd6 Rxd6 30. Rxd6 Bxd6 31. Nd4 1/2-1/2

[Event "ROM-chT"]
[Site "Mamaia"]
[Date "2019.09.25"]
[Round "5.3"]
[White "Ionescu, Constantin"]
[Black "Vrencian, Lehel"]
[Result "1-0"]
[WhiteElo "2426"]
[BlackElo "2306"]
[PlyCount "63"]
[EventDate "2019.09.21"]
[EventType "team-tourn"]
[EventRounds "9"]
[EventCountry "ROU"]
[SourceTitle "EXT 2020"]
[Source "ChessBase"]
[SourceDate "2019.10.17"]
[SourceVersion "1"]
[SourceVersionDate "2019.10.17"]
[SourceQuality "1"]
[WhiteTeam "Techirghiol Victoria"]
[BlackTeam "Otopeni"]
[WhiteTeamCountry "ROU"]
[BlackTeamCountry "ROU"]

1. Nf3 Nf6 2. c4 d6 3. d4 Nbd7 4. Nc3 e5 5. e4 c6 6. Be2 a6 7. Rb1 Be7 8. 0-0 0-0 9. b4 b5 10. dxe5 dxe5 11. c5 a5 12. a3 Qc7 13. Bb2 Rd8 14. Qc2 axb4 15. axb4 Nf8 16. Nxe5 Qxe5 17. Nd5 Rxd5 18. Bxe5 Rxe5 19. f3 Ra4 20. Qc3 Ng6 21. Bd1 Ra8 22. Bc2 Rh5 23. Ra1 Rb8 24. f4 Rh4 25. g3 Rh3 26. f5 Nf8 27. Qe5 Rb7 28. Ra8 Rxh2 29. Bd1 Rd7 30. Rxc8 Rdd2 31. Bf3 Rh3 32. Rf2 1-0

[Event "ROM-chT"]
[Site "Sovata"]
[Date "2018.11.24"]
[Round "1.3"]
[White "Ionescu, Constantin"]
[Black "Deac, Bogdan Daniel"]
[Result "0-1"]
[WhiteElo "2432"]
[BlackElo "2598"]
[PlyCount "84"]
[EventDate "2018.11.24"]
[EventType "team-tourn"]
[EventRounds "9"]
[EventCountry "ROU"]
[SourceTitle "CBM 187 Extra"]
[Source "ChessBase"]
[SourceDate "2018.11.04"]
[SourceVersion "1"]
[SourceVersionDate "2018.11.04"]
[SourceQuality "1"]
[WhiteTeam "Techirghiol Victoria"]
[BlackTeam "Iasi Politehnica"]
[WhiteTeamCountry "ROU"]
[BlackTeamCountry "ROU"]

1. d4 Nf6 2. c4 e6 3. Nc3 Bb4 4. e3 0-0 5. Bd3 d5 6. Nf3 b6 7. 0-0 Ba6 8. cxd5 exd5 9. Bxa6 Nxa6 10. Qd3 Qc8 11. a3 Bd6 12. b4 c6 13. b5 cxb5 14. Nxb5 Be7 15. Bb2 Qb7 16. Rfc1 Rac8 17. Qf5 g6 18. Qd3 Nb8 19. a4 a6 20. Nc3 Nc6 21. Ba3 Bxa3 22. Rxa3 Na5 23. Nd2 Rc6 24. Na2 Rxc1+ 25. Nxc1 Rc8 26. Rc3 Rxc3 27. Qxc3 Qd7 28. Qc2 b5 29. axb5 Qxb5 30. g3 Kg7 31. Nd3 Nc6 32. Qb3 Qa5 33. Qb2 Qa4 34. Kg2 a5 35. Nb3 Qb5 36. Nbc5 Nb4 37. Nxb4 axb4 38. Qa2 h5 39. Qa7 b3 40. Qe7 Qb6 41. Na4 Qc6 42. Qa7 Qc2 0-1

[Event "ROM-chT"]
[Site "Calimanesti Caciulata"]
[Date "2016.11.27"]
[Round "9.3"]
[White "Miron, Lucian Costin"]
[Black "Ionescu, Constantin"]
[Result "1-0"]
[WhiteElo "2501"]
[BlackElo "2444"]
[PlyCount "49"]
[EventDate "2016.11.19"]
[EventType "team-tourn"]
[EventRounds "9"]
[EventCountry "ROU"]
[SourceTitle "CBM 175 Extra"]
[Source "ChessBase"]
[SourceDate "2016.12.12"]
[SourceVersion "1"]
[SourceVersionDate "2016.12.12"]
[SourceQuality "1"]
[WhiteTeam "Ploiesti Universitar"]
[BlackTeam "Techirghiol Victoria"]
[WhiteTeamCountry "ROU"]
[BlackTeamCountry "ROU"]

1. e4 c5 2. Nf3 e6 3. d4 cxd4 4. Nxd4 a6 5. Nc3 b5 6. Bd3 Bb7 7. 0-0 Qb6 8. Nf3 Qc7 9. Bg5 Ne7 10. Re1 Ng6 11. Nd5 Qd6 12. c4 bxc4 13. Bxc4 a5 14. Qb3 Ba6 15. Rad1 Bxc4 16. Qxc4 Na6 17. Nf6+ gxf6 18. Rxd6 Bxd6 19. Bxf6 Rg8 20. Rd1 Be7 21. e5 Nb4 22. Rc1 Nc6 23. Kf1 Bd8 24. Qe4 Ra6 25. Nd4 1-0

[Event "ROM-chT"]
[Site "Calimanesti Caciulata"]
[Date "2016.11.21"]
[Round "3.5"]
[White "Ionescu, Constantin"]
[Black "Marin, Mihail"]
[Result "0-1"]
[WhiteElo "2444"]
[BlackElo "2549"]
[PlyCount "66"]
[EventDate "2016.11.19"]
[EventType "team-tourn"]
[EventRounds "9"]
[EventCountry "ROU"]
[SourceTitle "CBM 176"]
[Source "ChessBase"]
[SourceDate "2017.01.17"]
[SourceVersion "1"]
[SourceVersionDate "2017.01.17"]
[SourceQuality "1"]
[WhiteTeam "Techirghiol Victoria"]
[BlackTeam "Timisoara Medicina"]
[WhiteTeamCountry "ROU"]
[BlackTeamCountry "ROU"]

1. d4 Nf6 2. c4 e6 3. Nc3 Bb4 4. Bg5 h6 5. Bh4 c5 6. d5 Bxc3+ 7. bxc3 e5 8. Qc2 d6 9. e3 Nbd7 10. Nf3 Qe7 11. Nd2 Kd8 12. Be2 Kc7 13. Rb1 Nb6 14. Kd1 Bd7 15. Kc1 g5 16. Bg3 Ne8 17. Bd3 Ng7 18. f4 Ba4 19. Nb3 exf4 20. exf4 Nh5 21. Re1 Qf6 22. fxg5 Qxg5+ 23. Qd2 Nxg3 24. Qxg5 hxg5 25. hxg3 Rae8 26. Rf1 Re7 27. Kd2 Nd7 28. Rf5 Ne5 29. Rbf1 Rh2 30. R1f2 Bd7 31. Rf6 Ng4 32. Rxf7 Rxf7 33. Rxf7 Rxg2+ 0-1

[Event "ROM-chT"]
[Site "Calimanesti"]
[Date "2014.11.12"]
[Round "5.5"]
[White "Ionescu, Constantin"]
[Black "Manea, Alexandru"]
[Result "1-0"]
[WhiteElo "2441"]
[BlackElo "2382"]
[PlyCount "99"]
[EventDate "2014.11.08"]
[EventType "team-tourn"]
[EventRounds "9"]
[EventCountry "ROU"]
[SourceTitle "EXT 2015"]
[Source "ChessBase"]
[SourceDate "2014.11.20"]
[SourceVersion "1"]
[SourceVersionDate "2014.11.20"]
[SourceQuality "1"]
[WhiteTeam "Terchirghol Victoria"]
[BlackTeam "Ploiesti CSU"]
[WhiteTeamCountry "ROU"]
[BlackTeamCountry "ROU"]

1. d4 d5 2. Nf3 Nf6 3. c4 c6 4. Qc2 dxc4 5. Qxc4 Bf5 6. g3 e6 7. Bg2 Nbd7 8. 0-0 Be7 9. e3 0-0 10. Qe2 Qa5 11. Nbd2 Qb5 12. Nc4 Rfd8 13. b3 Be4 14. Rd1 Rac8 15. Bb2 c5 16. Bf1 b6 17. dxc5 Nxc5 18. Nd4 Qa6 19. f3 Ba8 20. e4 Ne8 21. Qe3 Qb7 22. a4 Na6 23. Kg2 Nb4 24. Rd2 Bc5 25. Rad1 Qe7 26. Qe2 Nc6 27. Nxc6 Bxc6 28. Ne5 Rxd2 29. Rxd2 f6 30. Nxc6 Rxc6 31. e5 Bb4 32. Rc2 Rxc2 33. Qxc2 Bc5 34. Bc4 a5 35. Qf5 fxe5 36. Qxe6+ Qxe6 37. Bxe6+ Kf8 38. Bxe5 Ke7 39. Bg8 h6 40. h4 Nf6 41. Bc4 Bd6 42. Bd4 Bc5 43. Bb2 Kd7 44. g4 Be3 45. Kg3 Kd6 46. f4 Kc5 47. Kf3 Bd4 48. Ba3+ Kc6 49. g5 hxg5 50. hxg5 1-0

[Event "ROM-chT"]
[Site "Mamaia"]
[Date "2013.08.31"]
[Round "1.3"]
[White "Ionescu, Constantin"]
[Black "Filip, Lucian Ioan"]
[Result "1/2-1/2"]
[WhiteElo "2443"]
[BlackElo "2453"]
[PlyCount "34"]
[EventDate "2013.08.31"]
[EventType "team-tourn"]
[EventRounds "9"]
[EventCountry "ROU"]
[SourceTitle "CBM 156 Extra"]
[Source "ChessBase"]
[SourceDate "2013.10.22"]
[SourceVersion "1"]
[SourceVersionDate "2013.10.22"]
[SourceQuality "1"]
[WhiteTeam "Techirghiol Victoria"]
[BlackTeam "Lugoj"]
[WhiteTeamCountry "ROU"]
[BlackTeamCountry "ROU"]

1. Nf3 Nf6 2. c4 b6 3. g3 Bb7 4. Bg2 e6 5. 0-0 Be7 6. Nc3 0-0 7. Re1 Ne4 8. Nxe4 Bxe4 9. d3 Bb7 10. e4 c5 11. d4 cxd4 12. Nxd4 Nc6 13. Be3 Nxd4 14. Bxd4 Qc7 15. Rc1 Bc6 16. Qg4 f6 17. Qe2 Qb7 1/2-1/2

[Event "Ciocaltea Memorial 30th"]
[Site "Bucharest"]
[Date "2013.03.16"]
[Round "2"]
[White "Shishkin, Vadim"]
[Black "Ionescu, Constantin"]
[Result "0-1"]
[WhiteElo "2488"]
[BlackElo "2441"]
[PlyCount "76"]
[EventDate "2013.03.15"]
[EventType "tourn"]
[EventRounds "11"]
[EventCountry "ROU"]
[EventCategory "8"]
[SourceTitle "CBM 153 Extra"]
[Source "ChessBase"]
[SourceDate "2013.04.22"]
[SourceVersion "1"]
[SourceVersionDate "2013.04.22"]
[SourceQuality "1"]

1. d4 Nf6 2. c4 c5 3. d5 d6 4. Nc3 g6 5. e4 Bg7 6. Bd3 0-0 7. Bg5 h6 8. Bh4 e6 9. Nge2 exd5 10. exd5 g5 11. Bg3 Nh5 12. Qd2 f5 13. f4 Na6 14. 0-0-0 Nc7 15. fxg5 hxg5 16. h4 g4 17. Rdf1 Rf6 18. Bf4 Nxf4 19. Nxf4 Bh6 20. Kb1 Bd7 21. Qc2 Qf8 22. Nh5 Rf7 23. Ng3 f4 24. Nge4 Re8 25. Ng5 Rf5 26. Qd2 Bg7 27. Ka1 Be5 28. Ne2 b5 29. Bxf5 Qxf5 30. Nxf4 Rf8 31. g3 bxc4 32. Rh2 Nb5 33. Rc1 c3 34. bxc3 Rb8 35. Nd3 Nxc3 36. Rxc3 Qf1+ 37. Nc1 Bf5 38. a4 Qc4 0-1